Movies Quiz

Random Movies or Actor Quiz

Movie Families Quiz Stats

 Plays Quiz not verified by Sporcle

Also try: Siblings in movies
Challenge
Share
Tweet
Embed
Score 0/58 Timer 08:00
0 Plays Today
Hint Answer % Correct
The Godfather (1972)Marlon Brando
91.7%
The Godfather (1972)Al Pacino
88.5%
The Godfather (1972)James Caan
80.2%
Thor (2011)Chris Hemsworth
76%
Dark Shadows (2012)Johnny Depp
75%
Fireflies in the Garden (2008)Ryan Reynolds/Cayden Boyd
67.7%
The Proposal (2009)Ryan Reynolds
67.7%
The Family Stone (2005)Luke Wilson
65.6%
The Royal Tenenbaums (2001)Luke Wilson
65.6%
Little Miss Sunshine (2006)Alan Arkin
63.5%
Thor (2011)Tom Hiddleston
61.5%
The Kids Are All Right (2010)Julianne Moore
60.4%
The Royal Tenenbaums (2001)Ben Stiller
60.4%
Little Women (1994)Winona Ryder
59.4%
Thor (2011)Anthony Hopkins
58.3%
The Kids Are All Right (2010)Annette Bening
57.3%
The Royal Tenenbaums (2001)Gwyneth Paltrow
57.3%
Little Miss Sunshine (2006)Abigail Breslin
56.3%
The Royal Tenenbaums (2001)Gene Hackman
55.2%
Little Miss Sunshine (2006)Toni Collette
54.2%
Little Miss Sunshine (2006)Greg Kinnear
51%
Dark Shadows (2012)Michelle Pfeiffer
50%
The Godfather (1972)John Cazale
43.8%
Our Idiot Brother (2011)Paul Rudd
43.8%
The Royal Tenenbaums (2001)Anjelica Huston
41.7%
Little Women (1994)Susan Sarandon
40.6%
Brothers (2009)Jake Gyllenhaal
40.6%
Brothers (2009)Tobey Maguire
39.6%
The Family Stone (2005)Diane Keaton
38.5%
Hint Answer % Correct
Brothers (2009)Natalie Portman
38.5%
Little Women (1994)Kirsten Dunst
34.4%
The Proposal (2009)Betty White
33.3%
One True Thing (1998)Meryl Streep
31.3%
Dark Shadows (2012)Chloë Grace Moretz
30.2%
Our Idiot Brother (2011)Zooey Deschanel
29.2%
Death at a Funeral (2010)Chris Rock
27.1%
The Family Stone (2005)Rachel McAdams
26%
Fireflies in the Garden (2008)Julia Roberts
26%
Thor (2011)Rene Russo
24%
The Proposal (2009)Craig T. Nelson
22.9%
The Kids Are All Right (2010)Josh Hutcherson
21.9%
Little Women (1994)Claire Danes
20.8%
The Family Stone (2005)Dermot Mulroney
19.8%
The Kids Are All Right (2010)Mia Wasikowska
18.8%
Death at a Funeral (2010)Danny Glover
16.7%
Dark Shadows (2012)Jonny Lee Miller
16.7%
The Proposal (2009)Mary Steenburgen
13.5%
One True Thing (1998)William Hurt
12.5%
One True Thing (1998)Renée Zellweger
11.5%
Death at a Funeral (2010)Martin Lawrence
11.5%
Our Idiot Brother (2011)Elizabeth Banks
11.5%
Our Idiot Brother (2011)Emily Mortimer
10.4%
Our Idiot Brother (2011)Shirley Knight
7.3%
One True Thing (1998)Tom Everett Scott
6.3%
Fireflies in the Garden (2008)Willem Dafoe
6.3%
Fireflies in the Garden (2008)Emily Watson/Hayden Panettiere
6.3%
Brothers (2009)Sam Shepard
6.3%
Death at a Funeral (2010)Regina Hall
2.1%

You're not logged in!

Compare scores with friends on all Sporcle quizzes.
OR
Log In

You Might Also Like...

Show Comments

Extras

Top Quizzes Today


Score Distribution

Your Account Isn't Verified!

In order to create a playlist on Sporcle, you need to verify the email address you used during registration. Go to your Sporcle Settings to finish the process.

Report this User

Report this user for behavior that violates our Community Guidelines.

Details: